000
00335nam a2200133Ia 4500
008
221030s9999 xx 000 0 und d
041
_a
English
100
_a
D. H. Williams
245
0
_a
Spectroscopic Methods in Organic Chemistry
_c
by D. H. Williams, I. Fleming
260
_c
0
650
_a
B
700
_a
I. Fleming
942
_c
BK
999
_c
14230
_d
14230